| 000 | 00949nam a22002777a 4500 | ||
|---|---|---|---|
| 003 | DO-SdBNP | ||
| 005 | 20240927073749.0 | ||
| 007 | ta | ||
| 008 | 210910b 2009 dr a 00| 0 eng d | ||
| 020 | _a9789945002102 | ||
| 040 |
_aDO-SdBNP _bspa _cBNPHU |
||
| 082 | 4 |
_a923.17293 _bB171R _222 |
|
| 100 | 1 |
_aRamírez Morillo, Belarminio, _d1964- _92520 |
|
| 245 | 1 | 0 |
_aJoaquín Balaguer : _bbiografía para escolares / _cBelardiminio Ramírez Morillo. |
| 250 | _a2a ed. | ||
| 260 |
_aSanto Domingo : _bCentenario, _c2009. |
||
| 300 |
_a66 p. : _bil., ; _c22 cm. |
||
| 490 | 1 | _aCentenario Joaquín Balaguer | |
| 590 | _aInventariado, 2021/BT | ||
| 600 | 1 | 0 |
_a Balaguer, Joaquín, _d1906-2002 _976556 |
| 650 | 1 | 4 |
_aPresidentes _zRepública Dominicana _vBiografías _91288 |
| 651 | 1 | 4 |
_aRepública Dominicana _vBiografías _91083 |
| 830 | 0 |
_aCentenario Joaquín Balaguer _933930 |
|
| 910 | _aBtavárez . Validado. Control de calidad /MFF | ||
| 942 |
_2ddc _cLBS1 |
||
| 999 |
_c50468 _d50468 |
||